[Event "Bryansk Zilberstein Memorial 5th"]
[Site "Bryansk"]
[Date "2021.07.31"]
[Round "10"]
[White "Zakhartsov, Vladimir"]
[Black "Bezukhov, Aleksandr"]
[Result "1-0"]
[WhiteElo "2499"]
[BlackElo "1858"]
[PlyCount "27"]
[EventDate "2021.07.29"]
[EventType "swiss (rapid)"]
[EventRounds "11"]
[EventCountry "RUS"]
[SourceTitle "CBM 203 Extra"]
[Source "ChessBase"]
[SourceDate "2021.09.30"]
[SourceVersion "1"]
[SourceVersionDate "2021.09.30"]
[SourceQuality "1"]

1. d4 Nf6 2. c4 g6 3. Nc3 Bg7 4. e4 d6 5. h3 0-0 6. Be3 e5 7. d5 c6 8. Nf3 cxd5 9. cxd5 Nh5 10. Nd2 f5 11. exf5 Nf4 12. g3 Rxf5 13. Nde4 Qe8 14. Nxd6 1-0